Essentials of anatomy and physiology / (Record no. 5060)
[ view plain ]
| 000 -LEADER | |
|---|---|
| fixed length control field | 01207cam a22002294a 4500 |
| 020 ## - INTERNATIONAL STANDARD BOOK NUMBER | |
| ISBN | 9780803622562 |
| 020 ## - INTERNATIONAL STANDARD BOOK NUMBER | |
| ISBN | 0803622562 |
| 050 00 - CALL NUMBER | |
| Classification number | QP34.5 |
| Item number | .S288 |
| 100 1# - AUTHOR | |
| Personal name | Scanlon, Valerie C., |
| 245 10 - TITLE | |
| Title | Essentials of anatomy and physiology / |
| Statement of responsibility, etc | Valerie C. Scanlon, Tina Sanders. |
| 250 ## - EDITION | |
| Edition statement | 6th ed. |
| 260 ## - PUBLICATION INFORMATION | |
| Place of publication | Philadelphia, PA : |
| Name of publisher | F.A. Davis Co., |
| Year of publication | 2011 |
| 300 ## - DESCRIPTION | |
| Number of Pages | xix, 640 p. : |
| Other physical details | ill. ; |
| Dimensions | 26 cm. |
| 500 ## - NOTES | |
| General note | Includes index. |
| 505 0# - FORMATTED CONTENTS NOTE | |
| Table of Content | Organization and general plan of the body -- Some basic chemistry -- Cells -- Tissues and membranes -- The integumentary system -- The skeletal system -- The muscular system -- The nervous system -- The senses -- The endocrine system -- Blood -- The heart -- The vascular system -- The lymphatic system and immunity -- The respiratory system -- The digestive system -- Body temperature and metabolism -- The urinary system -- Fluid-electrolyte and acid-base balance -- The reproductive systems -- Human development and genetics -- An introduction to microbiology and human disease. |
| 650 #0 - SUBJECTS | |
| Topical Term | Human anatomy. |
| 650 #0 - SUBJECTS | |
| Topical Term | Human physiology. |
| 650 12 - SUBJECTS | |
| Topical Term | Anatomy. |
| 650 22 - SUBJECTS | |
| Topical Term | Physiological Phenomena. |
| 700 1# - OTHER AUTHORS | |
| Personal name | Sanders, Tina, |
| 942 ## - ADDED ENTRY ELEMENTS (KOHA) | |
| Koha item type | Books |
| Withdrawn status | Lost status | Home library | Current library | Shelving location | Date acquired | Full call number | Accession Number | Koha item type |
|---|---|---|---|---|---|---|---|---|
| Methodist University Library Wenchi Nursing | Methodist University Library Wenchi Nursing | General Stacks | 23/04/2019 | QP34.5 .S288 | 4208 | Books | ||
| Methodist University Library Wenchi Nursing | Methodist University Library Wenchi Nursing | 28/10/2021 | QP34.5 .S288 | 7220 | Books |